Statistics for Chicago Cubs: 100 Home Runs

Click here to take the quiz!

General Stats

  • This quiz has been taken 58 times
  • The average score is 17 of 26

Answer Stats

Home RunsPositionAnswer% Correct
2822BRyne Sandberg
100%
5121B/SSErnie Banks
98%
1603BKris Bryant
95%
545RFSammy Sosa
95%
2421BAnthony Rizzo
93%
3373BRon Santo
93%
392LFBilly Williams
81%
140SSJavier Baez
81%
174RFAndre Dawson
72%
1791BDerrek Lee
72%
1481BMark Grace
72%
117CWillson Contreras
67%
2393BAramis Ramirez
65%
231CGabby Hartnett
65%
190CFHack Wilson
63%
181LFAlfonso Soriano
60%
122CJody Davis
56%
121LFKyle Schwarber
56%
107SSShawon Dunston
49%
125LFIan Happ
44%
1381BLeon Durham
40%
126CFAndy Pafko
37%
198LFHank Sauer
35%
100RFKeith Moreland
35%
205RFBill Nicholson
26%
106CFRick Monday
26%

Score Distribution

Percentile by Number Answered

Percent of People with Each Score

Your Score History

You have not taken this quiz